000 00747nam a22002412 4500
001 35941
003 BD-RjUL
005 20211209052415.0
008 140612r19681967enkabf b 000 0 eng
035 _a(BD-RjUL)36038
_aOCLC ocm00309759 from D970612M
040 _aDLC
_cDLC
_dBD-RjUL
_beng
041 _aeng
082 _a320.966
_bPRP 1968
100 1 _aPrice, Joseph Henry.
_9109408
245 1 0 _aPolitical institutions of West Africa /
_c[by] J. H. Price.
260 _aLondon :
_bHutchinson,
_cc1967 [Impression 1968].
300 _axii, 266 p. :
_bill. ;
_c22 cm.
504 _aBibliography: p. [258]-260.
651 0 _aAfrica, West
_xPolitics and government.
_9109409
942 _2ddc
_cBK
999 _c35941
_d35941